[Event "POL-chT 1st League"]
[Site "Sypniewo"]
[Date "2022.09.04"]
[Round "2.11"]
[White "Bugajski, Robert"]
[Black "Mazalon, Mariusz"]
[Result "1/2-1/2"]
[WhiteElo "1992"]
[BlackElo "1978"]
[PlyCount "97"]
[EventDate "2022.09.03"]
[EventType "team-swiss"]
[EventRounds "9"]
[EventCountry "POL"]
[SourceTitle "CBM 210 Extra"]
[Source "ChessBase"]
[SourceDate "2022.11.30"]
[SourceVersion "1"]
[SourceVersionDate "2022.11.30"]
[SourceQuality "1"]
[WhiteTeam "Zielonka Zieloni"]
[BlackTeam "Bydgoszcz Hetman"]
[WhiteTeamCountry "POL"]
[BlackTeamCountry "POL"]

1. d4 g6 2. Nf3 Bg7 3. g3 Nf6 4. c4 0-0 5. Bg2 d6 6. 0-0 c6 7. Nc3 Qb6 8. e4 Qa6 9. Qe2 Bg4 10. h3 Bxf3 11. Bxf3 e5 12. dxe5 dxe5 13. Be3 Nbd7 14. b4 b6 15. a4 Qb7 16. Rfd1 Rfe8 17. g4 h6 18. h4 Nf8 19. g5 hxg5 20. hxg5 N6h7 21. b5 Ne6 22. bxc6 Qxc6 23. Bg4 Nd4 24. Qd3 Qc7 25. Nd5 Qd8 26. Bxd4 Qxg5 27. Qg3 exd4 28. f4 Qd8 29. e5 f6 30. e6 f5 31. e7 Qd6 32. Bf3 Rac8 33. Rac1 g5 34. Re1 d3 35. Rcd1 Rxc4 36. Rxd3 gxf4 37. Qg2 Qc5+ 38. Kh1 Rc1 39. Rdd1 Rxd1 40. Rxd1 Rxe7 41. Nxe7+ Qxe7 42. Qg6 Qh4+ 43. Kg2 Qg5+ 44. Qxg5 Nxg5 45. Rd8+ Kh7 46. Rd7 Kg6 47. Rxa7 Bd4 48. Rd7 Be3 49. Rd6+ 1/2-1/2

[Event "POL-chT 1st League"]
[Site "Sypniewo"]
[Date "2022.09.03"]
[Round "1.7"]
[White "Mazalon, Mariusz"]
[Black "Tabola, Marcin"]
[Result "1-0"]
[WhiteElo "1978"]
[BlackElo "1985"]
[PlyCount "141"]
[EventDate "2022.09.03"]
[EventType "team-swiss"]
[EventRounds "9"]
[EventCountry "POL"]
[SourceTitle "CBM 210 Extra"]
[Source "ChessBase"]
[SourceDate "2022.11.30"]
[SourceVersion "1"]
[SourceVersionDate "2022.11.30"]
[SourceQuality "1"]
[WhiteTeam "Bydgoszcz Hetman"]
[BlackTeam "Strzelce Opolskie Strzelec"]
[WhiteTeamCountry "POL"]
[BlackTeamCountry "POL"]

1. d4 Nf6 2. c4 e6 3. Nc3 Bb4 4. e3 b6 5. Bd3 Bb7 6. Nge2 Bxg2 7. Rg1 Be4 8. a3 Bxc3+ 9. Nxc3 Bg6 10. e4 Bh5 11. f3 Kf8 12. Be3 d6 13. e5 Ne8 14. Be4 c6 15. d5 exd5 16. cxd5 c5 17. Bg5 f6 18. exf6 Nxf6 19. Qc2 Nbd7 20. 0-0-0 Ne5 21. Rdf1 Qe8 22. Bxf6 gxf6 23. Bxh7 Nxf3 24. Rg2 Qe7 25. Bg6 Ne1 26. Qf5 Nxg2 27. Bxh5 Ne3 28. Qxf6+ Qxf6 29. Rxf6+ Kg7 30. Rg6+ Kf7 31. Rg5+ Kf6 32. Ne4+ Ke7 33. Rg7+ Kd8 34. Nf6 Rf8 35. Be2 a6 36. Rd7+ Kc8 37. Rxd6 b5 38. Rc6+ Kb7 39. Nd7 Rac8 40. Nxf8 Rxf8 41. Rxc5 Kb6 42. Rc6+ Kb7 43. Rc3 Nf5 44. Rf3 Rc8+ 45. Kd2 Nd4 46. Rf7+ Kb6 47. Bg4 Rd8 48. Kd3 Rxd5 49. Ke4 Rd8 50. Rd7 Rg8 51. Rxd4 Rxg4+ 52. Ke3 Rg2 53. Rd2 Rg1 54. Kf2 Rg8 55. h4 Rg4 56. Rd6+ Kc5 57. Rh6 a5 58. Kf3 Rg1 59. Rh5+ Kc4 60. Rg5 Rh1 61. h5 Rh2 62. Kg4 a4 63. Kg3 Rxb2 64. h6 Rb3+ 65. Kg4 Rb1 66. h7 Rg1+ 67. Kf5 Rh1 68. Kg6 Rxh7 69. Kxh7 b4 70. Rg4+ Kb3 71. axb4 1-0

[Event "Polanica Zdroj op-C 58th"]
[Site "Polanica Zdroj"]
[Date "2022.08.20"]
[Round "8"]
[White "Tchorzewski, Kazimierz"]
[Black "Mazalon, Mariusz"]
[Result "1/2-1/2"]
[WhiteElo "1670"]
[BlackElo "1994"]
[PlyCount "139"]
[EventDate "2022.08.13"]
[EventType "swiss"]
[EventRounds "9"]
[EventCountry "POL"]
[SourceTitle "CBM 210 Extra"]
[Source "ChessBase"]
[SourceDate "2022.11.30"]
[SourceVersion "1"]
[SourceVersionDate "2022.11.30"]
[SourceQuality "1"]

1. e4 c5 2. Nf3 g6 3. d4 Bg7 4. c3 cxd4 5. Nxd4 Nc6 6. Nb3 Nf6 7. Bd3 0-0 8. Bg5 d5 9. Qe2 dxe4 10. Bxe4 Nxe4 11. Qxe4 h6 12. Bh4 g5 13. Bg3 f5 14. Qc4+ Kh8 15. f3 f4 16. Bf2 Ne5 17. Qe2 g4 18. Bd4 gxf3 19. gxf3 Qd5 20. N1d2 Bf5 21. Nb1 Bc8 22. N1d2 Bf5 23. Nb1 Bc8 24. N1d2 Bf5 25. Nb1 Bc8 26. N1d2 Bf5 27. Bxe5 Bxe5 28. Ne4 Bxe4 29. Qxe4 Qxe4+ 30. fxe4 f3 31. Kf2 Rad8 32. Rad1 Rxd1 33. Rxd1 Bxh2 34. Rd3 Be5 35. Rd1 Bh2 36. Rd3 e5 37. Rxf3 Bf4 38. Rd3 Bh2+ 39. Rf3 Bf4 40. Nc5 Bh2 41. Nb3 Bf4 42. Nc5 Bh2 43. Nb3 Bf4 44. Nc5 Bh2 45. Nb3 Bf4 46. Nc5 Rf6 47. Nb3 Rf8 48. Nc5 Rf6 49. b4 b6 50. Nd3 Kg7 51. c4 Kg6 52. c5 bxc5 53. bxc5 Kg5 54. Nb4 a5 55. Nd5 Rc6 56. Rc3 Bd2 57. Rf3 Bf4 58. Rc3 Bd2 59. Rg3+ Kh4 60. Rd3 Kg5 61. Rg3+ Kh4 62. Rd3 Bg5 63. Rc3 Kg4 64. Rg3+ Kh4 65. Rc3 Kg4 66. Rg3+ Kh4 67. Rc3 Kg4 68. Rg3+ Kh5 69. Rc3 Kg4 70. Rg3+ 1/2-1/2

[Event "Rubinstein Memorial op-C 57th"]
[Site "Polanica Zdroj"]
[Date "2021.08.18"]
[Round "5"]
[White "Bukowska, Katarzyna"]
[Black "Mazalon, Mariusz"]
[Result "0-1"]
[WhiteElo "1845"]
[BlackElo "2014"]
[PlyCount "44"]
[EventDate "2021.08.14"]
[EventType "swiss"]
[EventRounds "9"]
[EventCountry "POL"]
[SourceTitle "EXT 2023"]
[Source "ChessBase"]
[SourceDate "2022.10.05"]
[SourceVersion "1"]
[SourceVersionDate "2022.10.05"]
[SourceQuality "1"]

1. e4 c5 2. Nf3 d6 3. d4 cxd4 4. Nxd4 Nf6 5. Nc3 a6 6. Be2 e5 7. Nb3 Be7 8. 0-0 0-0 9. Kh1 Nbd7 10. f4 b5 11. a3 Bb7 12. Bf3 Rc8 13. Qe2 Re8 14. Rd1 Qc7 15. Be3 Bf8 16. Bg4 Nxg4 17. Qxg4 Nf6 18. Qh3 exf4 19. Bxf4 Nxe4 20. Nxe4 Rxe4 21. Be3 Qe7 22. Re1 Re8 0-1

[Event "Rubinstein Memorial op-C 57th"]
[Site "Polanica Zdroj"]
[Date "2021.08.15"]
[Round "2"]
[White "Mazalon, Mariusz"]
[Black "Tomalak, Stanislaw"]
[Result "1-0"]
[WhiteElo "2014"]
[BlackElo "1685"]
[PlyCount "60"]
[EventDate "2021.08.14"]
[EventType "swiss"]
[EventRounds "9"]
[EventCountry "POL"]
[SourceTitle "EXT 2023"]
[Source "ChessBase"]
[SourceDate "2022.10.05"]
[SourceVersion "1"]
[SourceVersionDate "2022.10.05"]
[SourceQuality "1"]

1. d4 Nf6 2. Nf3 g6 3. c4 d6 4. Nc3 Nbd7 5. e4 e5 6. Be2 Bg7 7. 0-0 0-0 8. Re1 Re8 9. Bf1 h6 10. b3 c6 11. Bb2 Qc7 12. Qc2 Nh5 13. Rad1 Nf8 14. h3 f5 15. Ba3 exd4 16. Nxd4 fxe4 17. Nxe4 c5 18. Nb5 Qa5 19. Qc1 d5 20. cxd5 Bf5 21. Nbd6 Bxe4 22. Rxe4 Rxe4 23. Nxe4 Rc8 24. Nd6 Rc7 25. Ne8 Rc8 26. Nxg7 Nxg7 27. Bb2 g5 28. d6 Qd8 29. Qc3 Nfe6 30. Bc4 Kf7 1-0

[Event "POL-chT 2nd League"]
[Site "Poronin"]
[Date "2020.09.11"]
[Round "7.8"]
[White "Kanarkiewicz, Michal"]
[Black "Mazalon, Mariusz"]
[Result "1-0"]
[WhiteElo "2107"]
[BlackElo "1948"]
[PlyCount "75"]
[EventDate "2020.09.05"]
[EventType "team-swiss"]
[EventRounds "9"]
[EventCountry "POL"]
[SourceTitle "CBM 198 Extra"]
[Source "ChessBase"]
[SourceDate "2020.11.30"]
[SourceVersion "1"]
[SourceVersionDate "2020.11.30"]
[SourceQuality "1"]
[WhiteTeam "Debica Gryf"]
[BlackTeam "Bydgoszcz Hetman"]
[WhiteTeamCountry "POL"]
[BlackTeamCountry "POL"]

1. e4 g6 2. d4 Bg7 3. Nc3 c6 4. Bc4 d5 5. exd5 b5 6. Be2 b4 7. Na4 cxd5 8. Nf3 Nf6 9. 0-0 0-0 10. a3 bxa3 11. Rxa3 Bg4 12. h3 Bxf3 13. Bxf3 e6 14. Bg5 h6 15. Bf4 Nc6 16. Nc5 Ne8 17. c3 Nd6 18. Ra6 Qc7 19. Qa4 Rac8 20. b4 e5 21. dxe5 Ne4 22. Nxe4 dxe4 23. Bg4 Nxe5 24. Bxe5 Qxe5 25. Bxc8 Rxc8 26. Rxa7 Rxc3 27. Qd7 Qf4 28. Qe8+ Bf8 29. Ra8 Qd6 30. Qxe4 Rb3 31. Rb1 Rd3 32. b5 Kg7 33. Re8 Rd1+ 34. Rxd1 Qxd1+ 35. Qe1 Qd7 36. Qa1+ f6 37. Rxf8 Kxf8 38. Qxf6+ 1-0

[Event "Polanica Zdroj op-C 56th"]
[Site "Polanica Zdroj"]
[Date "2020.08.20"]
[Round "6"]
[White "Adamczewski, Maciej"]
[Black "Mazalon, Mariusz"]
[Result "0-1"]
[WhiteElo "2045"]
[BlackElo "1980"]
[PlyCount "100"]
[EventDate "2020.08.15"]
[EventType "swiss"]
[EventRounds "9"]
[EventCountry "POL"]
[SourceTitle "CBM 198 Extra"]
[Source "ChessBase"]
[SourceDate "2020.11.30"]
[SourceVersion "1"]
[SourceVersionDate "2020.11.30"]
[SourceQuality "1"]

1. d4 g6 2. c4 Bg7 3. Nf3 Nf6 4. Nc3 0-0 5. g3 d6 6. Bg2 c6 7. 0-0 Qb6 8. h3 Qa6 9. b3 b5 10. cxb5 cxb5 11. Ne1 Bb7 12. Bxb7 Qxb7 13. Bb2 b4 14. Na4 Nbd7 15. Qd3 Rfc8 16. Nc2 Rc7 17. a3 bxa3 18. Rxa3 Nd5 19. e3 N7f6 20. Ne1 Rac8 21. Ra1 Nb4 22. Qd1 Ne4 23. Rb1 Nc2 24. Bc1 Nxe1 25. Rxe1 Ng5 26. e4 Rxc1 27. Rxc1 Rxc1 28. Qxc1 Nf3+ 29. Kg2 Nxe1+ 30. Qxe1 Bxd4 31. Qb1 Qb4 32. Qd3 e5 33. h4 h5 34. Qc2 Qe1 35. Nb2 Bxb2 36. Qxb2 Qxe4+ 37. Kf1 d5 38. Qa3 d4 39. Qa4 Qf3 40. Qe8+ Kh7 41. Qxe5 d3 42. Ke1 Qc6 43. Qb2 Qe4+ 44. Kd1 Qb4 45. Qa2 a5 46. Qa4 Qc3 47. Qa2 Kg7 48. Qb1 Kf6 49. Qa2 Kf5 50. f3 Ke5 0-1

[Event "Polanica Zdroj op-C 56th"]
[Site "Polanica Zdroj"]
[Date "2020.08.18"]
[Round "4"]
[White "Mazalon, Mariusz"]
[Black "Wolak, Julia"]
[Result "1-0"]
[WhiteElo "1980"]
[BlackElo "1516"]
[PlyCount "103"]
[EventDate "2020.08.15"]
[EventType "swiss"]
[EventRounds "9"]
[EventCountry "POL"]
[SourceTitle "CBM 198 Extra"]
[Source "ChessBase"]
[SourceDate "2020.11.30"]
[SourceVersion "1"]
[SourceVersionDate "2020.11.30"]
[SourceQuality "1"]

1. d4 Nf6 2. c4 c5 3. d5 b5 4. cxb5 a6 5. bxa6 Bxa6 6. Nc3 g6 7. Nf3 Bg7 8. g3 0-0 9. Bg2 d6 10. 0-0 Nbd7 11. Rb1 Qa5 12. Bd2 Rfb8 13. Qc2 Qc7 14. b3 Nb6 15. Nh4 Qb7 16. Rfd1 Nfxd5 17. Nxd5 Nxd5 18. Bf4 e6 19. Bxd6 Rd8 20. Bxc5 Rac8 21. b4 Qb5 22. Bf1 Nc3 23. Rxd8+ Rxd8 24. Re1 Qd7 25. Nf3 Bc4 26. e3 Bxa2 27. Nd4 e5 28. Qxc3 exd4 29. exd4 Bxd4 30. Bxd4 Qxd4 31. Qxd4 Rxd4 32. b5 Rb4 33. f4 Kf8 34. h4 Be6 35. Rd1 Ke7 36. Kf2 Bd7 37. Rd5 Ke6 38. Re5+ Kd6 39. h5 f6 40. hxg6 hxg6 41. Re3 Bxb5 42. Bxb5 Rxb5 43. Re8 Rf5 44. Kf3 g5 45. Ke4 Rb5 46. f5 Rb4+ 47. Ke3 Rb3+ 48. Kf2 Rb2+ 49. Kf3 Rb5 50. Re6+ Kd5 51. Kg4 Rb4+ 52. Kh5 1-0

[Event "Rubinstein Memorial-A 54th"]
[Site "Polanica Zdroj"]
[Date "2018.08.23"]
[Round "6"]
[White "Reza, Wojciech"]
[Black "Mazalon, Mariusz"]
[Result "1-0"]
[WhiteElo "2303"]
[BlackElo "2055"]
[PlyCount "29"]
[EventDate "2018.08.18"]
[EventType "swiss"]
[EventRounds "9"]
[EventCountry "POL"]
[SourceTitle "CBM 186 Extra"]
[Source "ChessBase"]
[SourceDate "2018.08.24"]
[SourceVersion "1"]
[SourceVersionDate "2018.08.24"]
[SourceQuality "1"]

1. e4 c5 2. Nf3 g6 3. d4 Bg7 4. dxc5 Qa5+ 5. c3 Qxc5 6. Na3 Nc6 7. Nb5 Qb6 8. Bc4 d6 9. 0-0 Nf6 10. e5 Nxe5 11. Nxe5 dxe5 12. Be3 Qc6 13. Qb3 b6 14. Nxa7 Rxa7 15. Bb5 1-0

[Event "POL-chT 2nd League"]
[Site "Szklarska Poreba"]
[Date "2017.09.09"]
[Round "8.12"]
[White "Mazalon, Mariusz"]
[Black "Walaszczyk, Witold"]
[Result "1/2-1/2"]
[WhiteElo "2066"]
[BlackElo "2136"]
[PlyCount "64"]
[EventDate "2017.09.02"]
[EventType "team-swiss"]
[EventRounds "9"]
[EventCountry "POL"]
[SourceTitle "CBM 180 Extra"]
[Source "ChessBase"]
[SourceDate "2017.10.06"]
[SourceVersion "1"]
[SourceVersionDate "2017.10.06"]
[SourceQuality "1"]
[WhiteTeam "Bydgoszcz Hetman"]
[BlackTeam "Konin Hetman"]
[WhiteTeamCountry "POL"]
[BlackTeamCountry "POL"]

1. d4 d5 2. c4 c6 3. Nf3 Nf6 4. Qc2 g6 5. Bf4 Bg7 6. e3 0-0 7. Nc3 h6 8. cxd5 cxd5 9. Bd3 Nc6 10. a3 Nh5 11. Bg3 Be6 12. 0-0 Nxg3 13. hxg3 Rc8 14. b4 a6 15. Qb3 Bg4 16. Be2 e5 17. dxe5 Nxe5 18. Rac1 Bxf3 19. gxf3 d4 20. exd4 Nc6 21. Ne4 Nxd4 22. Qa2 Qe7 23. Kg2 Kh8 24. Bc4 f5 25. Nc5 b6 26. Ne6 Nxe6 27. Bxe6 Rxc1 28. Rxc1 Rd8 29. Rc8 Rxc8 30. Bxc8 a5 31. bxa5 bxa5 32. a4 h5 1/2-1/2

[Event "POL-chT 2nd League"]
[Site "Szklarska Poreba"]
[Date "2017.09.03"]
[Round "2.15"]
[White "Mazalon, Mariusz"]
[Black "Rak, Tomasz"]
[Result "1/2-1/2"]
[WhiteElo "2066"]
[BlackElo "2051"]
[PlyCount "62"]
[EventDate "2017.09.02"]
[EventType "team-swiss"]
[EventRounds "9"]
[EventCountry "POL"]
[SourceTitle "CBM 180 Extra"]
[Source "ChessBase"]
[SourceDate "2017.10.06"]
[SourceVersion "1"]
[SourceVersionDate "2017.10.06"]
[SourceQuality "1"]
[WhiteTeam "Bydgoszcz Hetman"]
[BlackTeam "Bydgoszcz Wiartrak"]
[WhiteTeamCountry "POL"]
[BlackTeamCountry "POL"]

1. d4 Nf6 2. c4 g6 3. Nf3 Bg7 4. g3 d6 5. Bg2 0-0 6. 0-0 Qe8 7. Nc3 a5 8. e4 e5 9. h3 Na6 10. Be3 h6 11. d5 Bd7 12. Ne1 b5 13. cxb5 Bxb5 14. Nxb5 Qxb5 15. Qd2 Kh7 16. Nd3 a4 17. Rfc1 Rfb8 18. Rc2 Rb7 19. Rd1 Qe8 20. f3 Nd7 21. Bf1 f5 22. Bf2 Nf6 23. Bg2 Qb8 24. Kh2 Qe8 25. Kg1 Qb8 26. Kh2 Qe8 27. g4 f4 28. Bf1 Nd7 29. Be2 Bf6 30. Kg2 Qd8 31. Qe1 g5 1/2-1/2

[Event "Rubinstein Memorial-A 53rd"]
[Site "Polanica Zdroj"]
[Date "2017.08.27"]
[Round "9"]
[White "Wisniewski, Michal"]
[Black "Mazalon, Mariusz"]
[Result "1/2-1/2"]
[WhiteElo "2180"]
[BlackElo "2000"]
[PlyCount "61"]
[EventDate "2017.08.19"]
[EventType "swiss"]
[EventRounds "9"]
[EventCountry "POL"]
[SourceTitle "CBM 180 Extra"]
[Source "ChessBase"]
[SourceDate "2017.10.06"]
[SourceVersion "1"]
[SourceVersionDate "2017.10.06"]
[SourceQuality "1"]

1. c3 Nf6 2. c4 g6 3. Nf3 Bg7 4. g3 d6 5. Bg2 Nc6 6. 0-0 0-0 7. Nc3 e5 8. d3 h6 9. Rb1 a5 10. a3 Be6 11. Nd2 Qd7 12. Nd5 Bxd5 13. cxd5 Ne7 14. e4 c6 15. Nc4 Qc7 16. dxc6 bxc6 17. d4 exd4 18. Qxd4 d5 19. Bf4 Qd8 20. exd5 cxd5 21. Ne3 Nh5 22. Qc5 Nxf4 23. gxf4 Rc8 24. Qb5 Rb8 25. Qe2 Qd6 26. Rfd1 Qxf4 27. Nxd5 Nxd5 28. Rxd5 a4 29. Qe4 Qxe4 30. Bxe4 Rxb2 31. Rxb2 1/2-1/2

[Event "Lazy op 13th"]
[Site "Lazy"]
[Date "2017.07.03"]
[Round "8"]
[White "Czaplewska, Klara"]
[Black "Mazalon, Mariusz"]
[Result "0-1"]
[WhiteElo "1920"]
[BlackElo "2050"]
[PlyCount "70"]
[EventDate "2017.06.25"]
[EventType "swiss"]
[EventRounds "9"]
[EventCountry "POL"]
[SourceTitle "EXT 2018"]
[Source "ChessBase"]
[SourceDate "2017.10.13"]
[SourceVersion "1"]
[SourceVersionDate "2017.10.13"]
[SourceQuality "1"]

1. d4 Nf6 2. g3 g6 3. Bg2 Bg7 4. e4 0-0 5. Nc3 d6 6. Nge2 c5 7. h3 cxd4 8. Nxd4 Nc6 9. Be3 Bd7 10. 0-0 a6 11. f4 Rc8 12. Kh2 Nxd4 13. Bxd4 Bc6 14. g4 e5 15. Be3 exf4 16. Bxf4 Re8 17. Qd3 Re6 18. Rfe1 Qe7 19. Re2 Re8 20. Rae1 h5 21. g5 Nd7 22. Nd5 Bxd5 23. Qxd5 Nc5 24. b4 Na4 25. Qb3 b5 26. Bc1 Rc8 27. h4 Rc4 28. Qd3 Nc3 29. Rf2 d5 30. Ref1 dxe4 31. Qg3 Be5 32. Bf4 Bd4 33. Be3 Bxe3 34. Qxe3 Qd6+ 35. Kh1 Nd1 0-1

[Event "Lazy op 13th"]
[Site "Lazy"]
[Date "2017.06.26"]
[Round "2"]
[White "Wolaniecki, Patryk"]
[Black "Mazalon, Mariusz"]
[Result "1-0"]
[WhiteElo "1597"]
[BlackElo "2050"]
[PlyCount "96"]
[EventDate "2017.06.25"]
[EventType "swiss"]
[EventRounds "9"]
[EventCountry "POL"]
[SourceTitle "EXT 2018"]
[Source "ChessBase"]
[SourceDate "2017.10.13"]
[SourceVersion "1"]
[SourceVersionDate "2017.10.13"]
[SourceQuality "1"]

1. e4 g6 2. d4 Bg7 3. Nf3 c6 4. Bd3 d5 5. e5 Nh6 6. 0-0 0-0 7. h3 f6 8. Re1 Nf7 9. Bf4 a5 10. c3 Na6 11. Nbd2 Nc7 12. Qc2 Ne6 13. Bg3 c5 14. Bf1 a4 15. dxc5 Nxc5 16. exf6 Bxf6 17. Rad1 Qb6 18. Re3 Bf5 19. Qc1 Rac8 20. Nb1 Ne4 21. Bh2 d4 22. Re2 dxc3 23. bxc3 Nxc3 24. Nxc3 Rxc3 25. Qf4 a3 26. Red2 Rfc8 27. Rd5 Rc2 28. Bg3 e5 29. Qa4 Rxa2 30. Rb5 Qc6 31. Qa7 Rb2 32. Ra5 a2 33. Rxa2 Rxa2 34. Qxa2 Qc2 35. Rd2 Qxa2 36. Rxa2 Rc1 37. Nh2 Bd3 38. f3 Be7 39. Bf2 b5 40. Be3 Rb1 41. Kf2 Bxf1 42. Nxf1 b4 43. Ra8+ Kg7 44. Rb8 Nd6 45. Nd2 Rb2 46. Ke1 Nf5 47. Bf2 Bg5 48. Rb7+ Kh6 1-0

[Event "Lazy op 13th"]
[Site "Lazy"]
[Date "2017.06.25"]
[Round "1"]
[White "Mazalon, Mariusz"]
[Black "Ciesielski, Jan"]
[Result "0-1"]
[WhiteElo "2050"]
[BlackElo "1669"]
[PlyCount "81"]
[EventDate "2017.06.25"]
[EventType "swiss"]
[EventRounds "9"]
[EventCountry "POL"]
[SourceTitle "EXT 2018"]
[Source "ChessBase"]
[SourceDate "2017.10.13"]
[SourceVersion "1"]
[SourceVersionDate "2017.10.13"]
[SourceQuality "1"]

1. d4 d5 2. c4 c6 3. Nf3 Nf6 4. Qc2 e6 5. g3 Nbd7 6. Bg2 Be7 7. 0-0 0-0 8. Rd1 dxc4 9. Qxc4 Nb6 10. Qc2 Nbd5 11. Nc3 b6 12. e4 Nxc3 13. bxc3 Bb7 14. c4 b5 15. e5 Ne8 16. h4 h6 17. c5 Nc7 18. Qe4 Nd5 19. Qg4 Kh7 20. Bf1 Kh8 21. Bd3 Qc8 22. Qh5 f5 23. Bxh6 gxh6 24. Qxh6+ Kg8 25. g4 Rf7 26. gxf5 Rh7 27. Qd2 exf5 28. Kh1 Bxh4 29. Nh2 Be7 30. Rg1+ Kf7 31. Rg2 Qe6 32. Rag1 Rah8 33. f4 Rh4 34. Rf1 Nc7 35. Bc2 Qd5 36. Bb3 Rxh2+ 37. Kg1 Rxg2+ 38. Qxg2 Rg8 39. Bxd5+ Nxd5 40. Qxg8+ Kxg8 41. Kf2 0-1

[Event "POL-chT 2nd League"]
[Site "Jastrzebia Gora"]
[Date "2016.09.09"]
[Round "7.71"]
[White "Cieslak, Patrycjusz"]
[Black "Mazalon, Mariusz"]
[Result "1/2-1/2"]
[WhiteElo "1919"]
[BlackElo "2063"]
[PlyCount "79"]
[EventDate "2016.09.03"]
[EventType "team-swiss"]
[EventRounds "9"]
[EventCountry "POL"]
[SourceTitle "EXT 2017"]
[Source "ChessBase"]
[SourceDate "2016.10.25"]
[SourceVersion "1"]
[SourceVersionDate "2016.10.25"]
[SourceQuality "1"]
[WhiteTeam "Rybnik MKSz"]
[BlackTeam "Bydgoszcz Hetman"]
[WhiteTeamCountry "POL"]
[BlackTeamCountry "POL"]

1. d4 Nf6 2. Nc3 c5 3. d5 d6 4. e4 g6 5. f4 Bg7 6. Nf3 0-0 7. Bd3 Na6 8. a3 Nc7 9. Qe2 a6 10. a4 Rb8 11. a5 b5 12. axb6 Rxb6 13. 0-0 Nb5 14. Bd2 Bg4 15. Nxb5 axb5 16. Ba5 c4 17. Qe3 Nd7 18. Bxb6 Nxb6 19. Be2 Bxf3 20. gxf3 Bxb2 21. Ra2 Bg7 22. Rb1 Na4 23. Ra3 Qa5 24. e5 Rd8 25. exd6 exd6 26. Qe7 Qb6+ 27. Kg2 Nc3 28. Rxc3 Bxc3 29. Rxb5 Qxb5 30. Qxd8+ Kg7 31. Qxd6 Qb2 32. Qc5 Qxc2 33. Qxc4 Qb2 34. Qe4 Qb6 35. Qe7 Bf6 36. Qe4 Qc5 37. f5 Qd6 38. fxg6 hxg6 39. h4 Bd8 40. Bd3 1/2-1/2

[Event "POL-chT 2nd League"]
[Site "Jastrzebia Gora"]
[Date "2016.09.04"]
[Round "2.82"]
[White "Mazalon, Mariusz"]
[Black "Pochcial, Jan"]
[Result "1-0"]
[WhiteElo "2063"]
[BlackElo "2009"]
[PlyCount "67"]
[EventDate "2016.09.03"]
[EventType "team-swiss"]
[EventRounds "9"]
[EventCountry "POL"]
[SourceTitle "EXT 2017"]
[Source "ChessBase"]
[SourceDate "2016.10.25"]
[SourceVersion "1"]
[SourceVersionDate "2016.10.25"]
[SourceQuality "1"]
[WhiteTeam "Bydgoszcz Hetman"]
[BlackTeam "Ruda Slaska KS DORS"]
[WhiteTeamCountry "POL"]
[BlackTeamCountry "POL"]

1. d4 Nf6 2. c4 e6 3. Nc3 Bb4 4. e3 0-0 5. Nge2 d5 6. a3 Be7 7. cxd5 exd5 8. g3 c6 9. Bg2 Bf5 10. 0-0 Re8 11. f3 Bf8 12. Bd2 Nbd7 13. g4 Bd3 14. Rf2 Bxe2 15. Nxe2 Nb6 16. b3 h6 17. Ng3 Rc8 18. Nf1 c5 19. Bc3 c4 20. b4 Rc7 21. a4 Nc8 22. h3 Nd6 23. Qc2 g6 24. Re1 Rce7 25. Rfe2 Qd7 26. e4 Nc8 27. e5 Nh7 28. f4 f5 29. gxf5 gxf5 30. Ne3 Rg7 31. Nxf5 Ne7 32. Nxg7 Bxg7 33. f5 Nxf5 34. e6 1-0